00577 a2200133 4500020001800000082001600018100002000034245017500054260005100229300003200280650002200312999001300334952009600347 a9789695460153 a620.135 RIZ aSyed Ali Rizwan aProceedings of International Conference on Advances in Cement Based Materials and Applications in civil Infrastructure (ACBM-ACI) [vol. 1]cSyed ALi Rizwan, Abdul Ghaffar aPakistan :bUET Lahore, A One Publishersc2007 axii, 584p. :bill. ;c26 cm aCement -Materials c840d840 00104070aNITbNITcCEd0000-00-00l0o620.135 RIZpNIT-4351 r2017-01-05w2017-01-05yBK